Estatísticas para TABUADA DO 8

Clique aqui para jogar o quiz

Estatísticas Gerais

  • Esse quiz foi jogado 90 vezes
  • A pontuação média é 20 de 21

Estatísticas das Respostas

HintResposta% Correto
8X00
100%
8X216
100%
8X324
100%
8X18
100%
8X432
99%
8X648
99%
8X540
97%
8X756
97%
8X864
97%
8X1080
97%
8X972
96%
8X1188
93%
8X1296
91%
8X13104
90%
8X14112
87%
8X15120
87%
8X16128
87%
8X17136
87%
8X18144
84%
8X19152
83%
8X20160
81%

Distribuição das Pontuações

Percentil de Números Respondidos

Porcentagem de Pessoas com Cada Pontuação

Sua Pontuação Histórica

Você não jogou esse quiz